000 00531nam a2200193Ia 4500
005 20250508160340.0
008 008 250505s9999 xx 000 0 eng d
037 _aTextual
040 _aFEDL
_beng
_cFEDL
041 _aeng
_2eng
084 _a374, CEN
_qFEDL
100 _aGoldman Freda H
_9768328
245 0 _aReorientation in labor education
245 0 _cCenter for the Study of Liberal Education For Adults
260 _c1962
300 _a117p.
942 _cTEXL
_h374, CEN
999 _c1363918
_d1363918